000
00277nam a2200109Ia 4500
001
1276000
005
20260417160439.0
008
260417s9999 xx 000 0 und d
020
_a
9786257303446
245
0
_a
Masal Krallığı - Sina
_c
Didem Demirel
260
_b
Ketebe Çocuk
999
_c
1276000
_d
1276000